000 00490nam a2200181Ia 4500
005 20250508160842.0
008 008 250505s9999 xx 000 0 hin d
037 _aTextual
040 _aFEDL
_beng
_cFEDL
041 _ahin
_2hin
084 _aFH, SHA
_qFEDL
100 _aIbrahim Sharif
_9769550
245 0 _aKaee soorajon ke beech
260 _aDelhi, India
_bNational Publishing House
_c1973
300 _a124p
942 _cTEXL
_hFH, SHA
999 _c1366996
_d1366996